000 00859cam a22002291 4500
001 ca 31000049
003 DLC
005 20260227111124.0
008 891129s1930 maua 000 0 eng
010 _aca 31000049
035 _a(OCoLC)20711030
040 _aDLC
_cPPT-M
_dDLC
042 _apremarc
050 0 0 _aQC23
_b.M646 1928 Manual
100 1 _aMillikan, Robert Andrews,
_d1868-1953.
245 1 2 _aA manual of experiments to accompany "A first course in physics for colleges,"
_cby Robert Andrews Millikan ... Henry Gordon Gale ... and Charles William Edwards ...
260 _aBoston, New York [etc.]
_bGinn and company,
_c[c1930]
300 _avi, 221 p.
_billus., diagrs.
_c26 cm.
650 0 _aPhysics
_xExperiments.
700 1 _aGale, Henry Gordon,
_d1874-1942
_ejoint author.
700 1 _aEdwards, Charles William,
_d1873-1955,
_ejoint author.
999 _c16753
_d16753